000 00443nam a2200193Ia 4500
005 20240823013057.0
008 240823s9999||||xx |||||||||||||| ||und||
020 _a81-85386-13-7
041 _aENGLISH
082 _A658 P3
100 _aTerry
245 0 _aPrinciples of management
250 _a8th
260 _c2003
_b"AITBS,"
_aDelhi
500 _aYES
650 _aManagement
_bManagement Studies
942 _cBK
999 _c166218
_d166218